Design and fabrication of solar-thermal water purification system. (Record no. 532869)
[ view plain ]
| 000 -LEADER | |
|---|---|
| fixed length control field | 00766nam a22002057a 4500 |
| 003 - CONTROL NUMBER IDENTIFIER | |
| control field | NUST |
| 005 - DATE AND TIME OF LATEST TRANSACTION | |
| control field | 20191204113144.0 |
| 008 - FIXED-LENGTH DATA ELEMENTS--GENERAL INFORMATION | |
| fixed length control field | 191204b ||||| |||| 00| 0 eng d |
| 038 ## - RECORD CONTENT LICENSOR | |
| Staff Name | IESE |
| 082 ## - DEWEY DECIMAL CLASSIFICATION NUMBER | |
| Classification number | 628 |
| Author Mark | AZI |
| 100 ## - MAIN ENTRY--PERSONAL NAME | |
| Personal name | Aziz, Zimaar Fahad, Sumaiya Hussain, Suleman Sikandar. |
| 9 (RLIN) | 26485 |
| 245 ## - TITLE STATEMENT | |
| Title | Design and fabrication of solar-thermal water purification system. |
| Statement of responsibility, etc. | Zimaar Fahad Aziz, Sumaiya Hussain, Suleman Sikandar. |
| 260 ## - PUBLICATION, DISTRIBUTION, ETC. | |
| Place of publication, distribution, etc. | Islamabad |
| Name of publisher, distributor, etc. | IESE (SCEE) NUST |
| Date of publication, distribution, etc. | 2019. |
| 300 ## - PHYSICAL DESCRIPTION | |
| Extent | 42p. |
| Other physical details | H.B |
| 440 ## - SERIES STATEMENT/ADDED ENTRY--TITLE | |
| Title | UG Environmental Engineering |
| 9 (RLIN) | 1834 |
| 500 ## - GENERAL NOTE | |
| General note | Thesis UG EE |
| 650 ## - SUBJECT ADDED ENTRY--TOPICAL TERM | |
| Topical term or geographic name entry element | Environmental Engineering |
| 9 (RLIN) | 1550 |
| 700 ## - ADDED ENTRY--PERSONAL NAME | |
| Relator code | Dr. M Zeeshan Ali Khan (Supervisor) |
| 942 ## - ADDED ENTRY ELEMENTS (KOHA) | |
| Source of classification or shelving scheme | |
| Koha item type | Thesis |
| Call number prefix | IESE |
| Withdrawn status | Lost status | Source of classification or shelving scheme | Damaged status | Not for loan | Permanent Location | Current Location | Shelving location | Date acquired | Total Checkouts | Full call number | Barcode | Date last seen | Price effective from | Koha item type |
|---|---|---|---|---|---|---|---|---|---|---|---|---|---|---|
| Not For Loan | Institute of Environmental Science and Engineering (IESE) | Institute of Environmental Science and Engineering (IESE) | Thesis | 12/04/2019 | 628 AZI | IESE-T-665 | 12/04/2019 | 12/04/2019 | Thesis |
